LIBRARY & INFORMATION CENTRE, KCAET, TAVANUR

ONLINE PUBLIC ACCESS CATALOGUE (OPAC)

Optimal planning of wind farms using wera model integrated with GIS (Record no. 14941)

MARC details
000 -LEADER
fixed length control field 00657nam a22001817a 4500
003 - CONTROL NUMBER IDENTIFIER
control field OSt
088 ## - REPORT NUMBER
Report number T 168
100 ## - MAIN ENTRY--AUTHOR NAME
Personal name DEVANAND U. GORATE
245 ## - TITLE STATEMENT
Title Optimal planning of wind farms using wera model integrated with GIS
260 ## - PUBLICATION, DISTRIBUTION, ETC. (IMPRINT)
Place of publication Tavanur 2006
Name of publisher Department of Farm Power Machinery and Energy
300 ## - PHYSICAL DESCRIPTION
Number of Pages 106
500 ## - GENERAL NOTE
General note Optimal planning of wind farms using wera model integrated with GIS
520 ## - SUMMARY, ETC.
Summary, etc Optimal planning of wind farms using wera model integrated with GIS
700 ## - ADDED ENTRY--PERSONAL NAME
Personal name Dr. Sathyajith Mathew
856 ## - ELECTRONIC LOCATION AND ACCESS
Uniform Resource Identifier https://drive.google.com/open?id=1SR16blnl9oqYYe3By1z-VCbJU7Dkg8DC
942 ## - ADDED ENTRY ELEMENTS (KOHA)
Koha item type Theses
Holdings
Collection code Home library Current library Shelving location Full call number Accession Number Koha item type Public note
Reference KAUAET KAUAET Reference 631.3 GOR/OP T 168 Theses M.Tech Thesis
free website counter